000 00955cam a2200277 a 4500
001 2616
005 20250820085143.0
020 _a9789814281164
040 _aDLC
_cDLC
_dDLC
_beng
050 0 0 _aPZ8.L744
_b1998
082 0 0 _a398.20943
100 1 _aGiles, Jenny
245 1 4 _aThe elves and the shoemakers /
_cIllustrated by O'loughlin
250 _aFirst published in 1998
260 _aMelbourne :
_bCengage Learning Australia,
_c1998
300 _a32 pages :
_bcolor illustrations ;
_c22 cm .
500 _a"A Calico book."
505 _aK
520 _aA collection of simplified short versions of well known traditional tales. PM Tales and Plays retell the tale in story form and as plays in language that children can actually read.
521 _a520
_bLexile
521 _aK
_bRaz-Plus
650 1 _aFairy tales.
650 1 _aFolklore
_zGermany.
906 _a7
_bcbc
_corignew
_d1
_eocip
_f19
_gy-gencatlg
942 _2ddc
_cBK
_n0
999 _c2616
_d2616